| 000 | 00509nam a2200205Ia 4500 | ||
|---|---|---|---|
| 999 |
_c3276 _d3276 |
||
| 020 | _a019-5657888 | ||
| 082 | _a330.122 MAR; | ||
| 245 | 0 | _aMarkets and governments | |
| 260 |
_aNew Delhi _bOxford University Press _c2003 |
||
| 300 | _axiii, 268p. | ||
| 504 | _aIncludes bibliography and index | ||
| 650 | _aEconomics | ||
| 650 | _aEconomic policy | ||
| 650 | _aMarketing | ||
| 650 | _aWelfare economics | ||
| 700 | _aRay, Ranjan | ||
| 700 | _aNayak, Pulin B | ||
| 700 | _aBasu, Kaushik | ||
| 942 | _cBK | ||